Tripartitní struktury a politika zaměstnanosti

Tripartitné usporiadanie a aktívna politika zamestnanosti v európskom kontexte. Hlavné trendy súčasnej politiky a tripartitného usporiadania. Faktory ovplyvňujúce tripartitné chápanie aktívnej politiky zamestnanosti.

Na minha lista:
Detalhes bibliográficos
Formato: Capítulo de Livro
Idioma:tcheco
Assuntos:
Tags: Adicionar Tag
Sem tags, seja o primeiro a adicionar uma tag!

MARC

LEADER 00000naa a2200000 4500
001 r022404
005 20230913065951.3
041 0 |a cze 
044 |a CZ 
245 1 0 |a Tripartitní struktury a politika zaměstnanosti 
520 |a Tripartitné usporiadanie a aktívna politika zamestnanosti v európskom kontexte. Hlavné trendy súčasnej politiky a tripartitného usporiadania. Faktory ovplyvňujúce tripartitné chápanie aktívnej politiky zamestnanosti. 
610 2 0 |a tripartita 
610 2 0 |a politika zamestnanosti 
610 2 0 |a Európska únia 
610 2 0 |a trh práce